[Event "British Columbia-Washington m"]
[Site "Richmond CAN"]
[Date "2022.07.03"]
[Round "4.2"]
[White "Readey, John L"]
[Black "Le, Quang Long"]
[Result "0-1"]
[WhiteElo "2288"]
[BlackElo "2420"]
[PlyCount "62"]
[EventDate "2022.07.01"]
[EventType "team"]
[EventRounds "5"]
[EventCountry "CAN"]
[WhiteTeam "WA"]
[BlackTeam "BC"]

1. d4 Nf6 2. c4 c5 3. d5 b5 4. cxb5 a6 5. bxa6 g6 6. Nc3 Bxa6 7. e4 Bxf1 8.
Kxf1 d6 9. g3 Bg7 10. Kg2 O-O 11. Nf3 Qb6 12. a4 Na6 13. Ra3 Nb4 14. Nd2 Qa6
15. Nb5 Rad8 16. Qb3 Ng4 17. Nc4 f5 18. Ne3 Nxe3+ 19. Bxe3 fxe4 20. Rd1 Qc8 21.
Rd2 Nd3 22. Qd1 c4 23. Nd4 Bxd4 24. Bxd4 Qf5 25. a5 Qxd5 26. Be3 Qa8 27. Qg4
Rf5 28. a6 d5 29. Ra5 e5 30. a7 d4 31. Qh4 Rdf8 0-1

[Event "British Columbia-Washington m"]
[Site "Richmond CAN"]
[Date "2022.07.03"]
[Round "4.3"]
[White "Mahajan, Rushaan"]
[Black "Nunez Asencio, Jorge"]
[Result "1/2-1/2"]
[WhiteElo "2215"]
[BlackElo "2284"]
[PlyCount "81"]
[EventDate "2022.07.01"]
[EventType "team"]
[EventRounds "5"]
[EventCountry "CAN"]
[WhiteTeam "WA"]
[BlackTeam "BC"]

1. Nf3 d5 2. g3 Nd7 3. d4 Nb6 4. Bg2 Bf5 5. O-O e6 6. b3 Be7 7. c4 c6 8. Nfd2
Nf6 9. Nc3 O-O 10. Bb2 a5 11. e4 dxe4 12. Ndxe4 a4 13. Rc1 axb3 14. axb3 Nbd7
15. Qc2 Qb6 16. Rfd1 Rfd8 17. Ra1 Bg6 18. Na4 Qc7 19. Bc1 Qa5 20. Bd2 Qh5 21.
Bf4 e5 22. dxe5 Nxe5 23. Bxe5 Qxe5 24. Qc3 Qh5 25. Rxd8+ Rxd8 26. Re1 Rd1 27.
Nxf6+ Bxf6 28. Qd2 Rxe1+ 29. Qxe1 h6 30. Nb6 Qe5 31. Qxe5 Bxe5 32. b4 Bd4 33.
Nc8 Bd3 34. Nd6 Bc3 35. Nxb7 Bxb4 36. c5 Bb5 37. Nd8 Bxc5 38. Nxc6 f6 39. Bd5+
Kf8 40. Na5 Ke7 41. Nc4 1/2-1/2

[Event "British Columbia-Washington m"]
[Site "Richmond CAN"]
[Date "2022.07.03"]
[Round "4.4"]
[White "Anand, Vignesh"]
[Black "Liu, Zachary"]
[Result "1-0"]
[WhiteElo "2023"]
[BlackElo "1905"]
[PlyCount "63"]
[EventDate "2022.07.01"]
[EventType "team"]
[EventRounds "5"]
[EventCountry "CAN"]
[WhiteTeam "WA"]
[BlackTeam "BC"]

1. c4 c6 2. Nc3 Nf6 3. e4 d5 4. e5 d4 5. exf6 dxc3 6. bxc3 exf6 7. d4 Bd6 8.
Bd3 Nd7 9. Ne2 c5 10. Qc2 h6 11. Be3 Qe7 12. O-O O-O 13. Qd2 Re8 14. Rae1 Qf8
15. Ng3 cxd4 16. Bxd4 Ne5 17. Bc2 Be6 18. f4 Nc6 19. Qd3 g6 20. Nh5 Nxd4 21.
Nxf6+ Kh8 22. cxd4 Red8 23. Ne4 Bb4 24. Rb1 Rac8 25. d5 Bf5 26. Qd4+ f6 27.
Qxf6+ Qxf6 28. Nxf6 Bc5+ 29. Kh1 Bxc2 30. Rxb7 g5 31. f5 Rxd5 32. Rh7# 1-0

[Event "British Columbia-Washington m"]
[Site "Richmond CAN"]
[Date "2022.07.03"]
[Round "4.5"]
[White "Hemstapat, Andrew"]
[Black "Ramkumar, Nikhil"]
[Result "1-0"]
[WhiteElo "2241"]
[BlackElo "1237"]
[PlyCount "67"]
[EventDate "2022.07.01"]
[EventType "team"]
[EventRounds "5"]
[EventCountry "CAN"]
[WhiteTeam "BC"]
[BlackTeam "WA"]

1. e4 c6 2. d3 d5 3. Nd2 e5 4. Ngf3 Bg4 5. h3 Bxf3 6. Qxf3 Nf6 7. g3 Nbd7 8.
Bg2 Bd6 9. O-O Nc5 10. Qe2 Ne6 11. c3 Qc7 12. Rd1 Rd8 13. Nf1 h6 14. Ne3 Bc5
15. exd5 Bxe3 16. dxe6 Bxc1 17. exf7+ Kxf7 18. Raxc1 Rhe8 19. Re1 Rd7 20. Rcd1
Qa5 21. a3 Qc5 22. Bf3 Ree7 23. h4 Re6 24. d4 Qe7 25. dxe5 Rxd1 26. Qxd1 Rxe5
27. Qb3+ Kf8 28. Rxe5 Qxe5 29. Qxb7 Qe1+ 30. Kg2 Qd2 31. Qb8+ Kf7 32. Qxa7+ Ke6
33. Qb6 h5 34. a4 1-0

[Event "British Columbia-Washington m"]
[Site "Richmond CAN"]
[Date "2022.07.03"]
[Round "5.1"]
[White "Le, Quang Long"]
[Black "Velea, Anne-Marie"]
[Result "1-0"]
[WhiteElo "2420"]
[BlackElo "2070"]
[PlyCount "49"]
[EventDate "2022.07.01"]
[EventType "team"]
[EventRounds "5"]
[EventCountry "CAN"]
[WhiteTeam "BC"]
[BlackTeam "WA"]

1. c4 e6 2. g3 d5 3. Bg2 Nf6 4. Nf3 Be7 5. O-O O-O 6. Qc2 c6 7. d4 b6 8. b3 Bb7
9. Nc3 a5 10. Rd1 Na6 11. a3 Rc8 12. e4 c5 13. dxc5 Nxc5 14. exd5 exd5 15. Nh4
a4 16. bxa4 Ne6 17. Be3 Rxc4 18. Qb3 Qc7 19. Nb5 Qc6 20. Nf5 Bc5 21. Qxc4 dxc4
22. Bxc6 Bxc6 23. Bxc5 Nxc5 24. Ne7+ Kh8 25. Nxc6 1-0

[Event "British Columbia-Washington m"]
[Site "Richmond CAN"]
[Date "2022.07.03"]
[Round "5.2"]
[White "Mahajan, Rushaan"]
[Black "Hemstapat, Andrew"]
[Result "0-1"]
[WhiteElo "2215"]
[BlackElo "2241"]
[PlyCount "90"]
[EventDate "2022.07.01"]
[EventType "team"]
[EventRounds "5"]
[EventCountry "CAN"]
[WhiteTeam "WA"]
[BlackTeam "BC"]

1. Nf3 d6 2. d4 Nf6 3. g3 g6 4. b3 Bg7 5. Bb2 O-O 6. Bg2 Nbd7 7. O-O c6 8. a4
a5 9. Nbd2 Qc7 10. e4 Re8 11. Re1 e5 12. dxe5 Nxe5 13. Nxe5 dxe5 14. Nc4 Bf8
15. Qf3 Nd7 16. Red1 Kg7 17. Rd2 Nb6 18. Ne3 f6 19. Rad1 Be6 20. Bc3 Bb4 21.
Bxb4 axb4 22. Bf1 h5 23. h4 Qe7 24. Bc4 Nxc4 25. Nxc4 Bg4 26. Qe3 Bxd1 27. Rxd1
Rad8 28. Rxd8 Rxd8 29. Kg2 Rd4 30. a5 Qc5 31. Qe2 Qe7 32. Kh2 Qd8 33. Qe3 Qd7
34. Qe1 c5 35. Kg2 Qg4 36. f3 Qd7 37. Qe3 Rd1 38. Qxc5 Rc1 39. Nd6 Qc6 40. Qxc6
bxc6 41. Ne8+ Kf7 42. Nc7 Rxc2+ 43. Kf1 Ra2 44. Na6 Rxa5 45. Nxb4 Rc5 0-1

[Event "British Columbia-Washington m"]
[Site "Richmond CAN"]
[Date "2022.07.03"]
[Round "5.3"]
[White "Nunez Asencio, Jorge"]
[Black "Anand, Vignesh"]
[Result "1-0"]
[WhiteElo "2284"]
[BlackElo "2023"]
[PlyCount "129"]
[EventDate "2022.07.01"]
[EventType "team"]
[EventRounds "5"]
[EventCountry "CAN"]
[WhiteTeam "BC"]
[BlackTeam "WA"]

1. d4 Nf6 2. c4 g6 3. Nc3 d5 4. Bg5 Ne4 5. Bh4 Nxc3 6. bxc3 Bg7 7. e3 c5 8. Nf3
Qa5 9. Qd2 Bg4 10. Rb1 b6 11. cxd5 cxd4 12. Bb5+ Bd7 13. cxd4 Qa3 14. Qb4 Qxb4+
15. Rxb4 Bxb5 16. Rxb5 Na6 17. Rb3 Nc7 18. e4 f5 19. exf5 gxf5 20. d6 exd6 21.
Re3+ Kf8 22. O-O Re8 23. Rxe8+ Nxe8 24. Rc1 Kf7 25. d5 Nf6 26. Rc7+ Kg6 27.
Bxf6 Bxf6 28. Rxa7 Rc8 29. g3 Rc5 30. Ra6 Bd8 31. Nd4 Rxd5 32. Ne6 Rd1+ 33. Kg2
Be7 34. Rxb6 Kf7 35. Nf4 Bf6 36. Rb7+ Kg8 37. Rd7 Be5 38. Ne6 d5 39. Kf3 Bc3
40. Nf4 d4 41. Nd5 Rd3+ 42. Kg2 Rd2 43. a3 Ra2 44. Nf6+ Kf8 45. Nxh7+ Ke8 46.
Nf6+ Kf8 47. Rd5 Ke7 48. Rxf5 Ke6 49. Rf3 Ke5 50. g4 Rxa3 51. g5 Bb4 52. Rxa3
Bxa3 53. Kf3 Kf5 54. h4 d3 55. Ng4 Bc5 56. Ne3+ Kg6 57. Nd5 Kh5 58. Nf4+ Kxh4
59. g6 d2 60. Ke2 Bd4 61. Ne6 Bc3 62. g7 Bxg7 63. Nxg7 d1=Q+ 64. Kxd1 Kg4 65.
Ke2 1-0

[Event "British Columbia-Washington m"]
[Site "Richmond CAN"]
[Date "2022.07.03"]
[Round "5.4"]
[White "Pham, Bich Ngoc"]
[Black "Readey, John L"]
[Result "1-0"]
[WhiteElo "2239"]
[BlackElo "2288"]
[PlyCount "102"]
[EventDate "2022.07.01"]
[EventType "team"]
[EventRounds "5"]
[EventCountry "CAN"]
[WhiteTeam "BC"]
[BlackTeam "WA"]

1. c4 f5 2. g3 Nf6 3. Bg2 g6 4. Nc3 Bg7 5. d3 d6 6. e4 Nc6 7. Nge2 O-O 8. O-O
e5 9. h3 Be6 10. Nd5 Qd7 11. Kh2 Rf7 12. Bg5 Raf8 13. exf5 Bxf5 14. Nxf6+ Bxf6
15. Be3 Be6 16. Nc3 Bg7 17. Qd2 Nd4 18. Bxd4 exd4 19. Ne4 h6 20. f4 b6 21. b4
d5 22. cxd5 Bxd5 23. a4 c6 24. a5 Qd8 25. Rg1 Re8 26. axb6 axb6 27. Ra6 Kh7 28.
Rga1 Rfe7 29. Re1 Kh8 30. Qd1 Re6 31. Qa4 c5 32. bxc5 bxc5 33. Rxe6 Rxe6 34.
Kg1 Qe7 35. Qb5 Bf8 36. Bf3 Qf7 37. Kf2 Qe7 38. Bg4 Bxe4 39. Bxe6 Qxe6 40. Rxe4
Qxh3 41. Re8 Qf5 42. Qb8 Kg8 43. Qc8 Qf7 44. Qe6 Qxe6 45. Rxe6 Kf7 46. Rc6 g5
47. fxg5 hxg5 48. Kf3 Ke8 49. Ke4 Kd7 50. Kd5 Be7 51. g4 Bd8 1-0

[Event "British Columbia-Washington m"]
[Site "Richmond CAN"]
[Date "2022.07.03"]
[Round "5.5"]
[White "Xu, Owen"]
[Black "Albitar, Hani"]
[Result "0-1"]
[WhiteElo "1488"]
[BlackElo "2206"]
[PlyCount "86"]
[EventDate "2022.07.01"]
[EventType "team"]
[EventRounds "5"]
[EventCountry "CAN"]
[WhiteTeam "WA"]
[BlackTeam "BC"]

1. e4 e5 2. Nf3 Nc6 3. Bb5 a6 4. Ba4 Nf6 5. d3 b5 6. Bb3 Be7 7. O-O d6 8. a4
Bd7 9. c3 O-O 10. Re1 Na5 11. Bc2 c5 12. Nbd2 Re8 13. Nf1 b4 14. Ng3 h6 15. d4
Bg4 16. dxe5 dxe5 17. h3 Qxd1 18. Bxd1 Bxf3 19. Bxf3 Red8 20. Be3 Nc4 21. b3
Na5 22. cxb4 Nxb3 23. Ra3 c4 24. Rb1 Bxb4 25. Ra2 a5 26. Rc2 Rac8 27. Be2 Nd4
28. Bxd4 Rxd4 29. f3 c3 30. Nf5 Rd2 31. Rbc1 Rcd8 32. Kf1 Nh5 33. Rxc3 Bxc3 34.
Rxc3 Nf4 35. Ng3 Ra2 36. Rc4 Nxe2 37. Nxe2 Rd1+ 38. Kf2 Rdd2 39. Rc5 Rxe2+ 40.
Kg3 Rxg2+ 41. Kh4 Raf2 42. Rc6 Rxf3 43. Rg6 Rxg6 0-1

[Event "British Columbia-ch"]
[Site "Vancouver CAN"]
[Date "2022.10.07"]
[Round "1.1"]
[White "Albitar, Hani"]
[Black "Yang, Jingyun (Ryan)"]
[Result "0-1"]
[WhiteElo "2221"]
[BlackElo "2133"]
[PlyCount "64"]
[EventDate "2022.10.07"]
[EventType "tourn"]
[EventRounds "7"]
[EventCountry "CAN"]

1. d4 Nf6 2. c4 g6 3. f3 d5 4. cxd5 Nxd5 5. e4 Nb6 6. Nc3 Bg7 7. Be3 Nc6 8. d5
Ne5 9. f4 Ng4 10. Bb5+ Bd7 11. Qxg4 Bxc3+ 12. bxc3 Bxb5 13. Bd4 Rg8 14. Nf3 Qd6
15. Kf2 f5 16. exf5 Nxd5 17. Be5 h5 18. Qg5 Qc5+ 19. Bd4 Qc4 20. Rhe1 O-O-O 21.
fxg6 c5 22. Ne5 Qa4 23. Qf5+ Kb8 24. Be3 Nxc3 25. Kg1 Ka8 26. g3 e6 27. Qxh5
Qc2 28. Rac1 Qb2 29. a4 Rh8 30. Rcd1 Nxd1 31. Rxd1 Rxd1+ 32. Qxd1 Qxh2# 0-1

[Event "British Columbia-ch"]
[Site "Vancouver CAN"]
[Date "2022.10.07"]
[Round "1.2"]
[White "Doknjas, Neil"]
[Black "McLaren, Brian"]
[Result "1/2-1/2"]
[WhiteElo "2277"]
[BlackElo "2107"]
[PlyCount "131"]
[EventDate "2022.10.07"]
[EventType "tourn"]
[EventRounds "7"]
[EventCountry "CAN"]

1. e4 Nf6 2. e5 Nd5 3. d4 d6 4. c4 Nb6 5. exd6 cxd6 6. Nc3 g6 7. Be3 Bg7 8. Rc1
O-O 9. Be2 e5 10. dxe5 dxe5 11. Nb5 Nc6 12. Bc5 Re8 13. Bd6 Nd4 14. c5 Nxb5 15.
Bxb5 Bd7 16. Bxd7 Nxd7 17. Ne2 Qa5+ 18. Nc3 Nxc5 19. O-O Ne6 20. Qb3 Rad8 21.
Ba3 Rd7 22. Ne4 Red8 23. Bb4 Qd5 24. Qxd5 Rxd5 25. Be7 Re8 26. Nf6+ Bxf6 27.
Bxf6 Nc5 28. f3 Re6 29. Bh4 Kg7 30. Bf2 Nd3 31. Rc7 Nxf2 32. Rxf2 Rd1+ 33. Rf1
Rxf1+ 34. Kxf1 Rb6 35. b3 h5 36. Rd7 Kf6 37. Ke2 Ke6 38. Rd2 Rd6 39. Rc2 Rc6
40. Rb2 g5 41. a4 f5 42. Kd3 Kd5 43. b4 e4+ 44. fxe4+ fxe4+ 45. Kd2 Kd4 46. Ra2
Rc3 47. b5 h4 48. Ke2 h3 49. gxh3 Rxh3 50. Rd2+ Rd3 51. Rc2 Ra3 52. Rd2+ Ke5
53. Rd7 Ra2+ 54. Ke3 Ra3+ 55. Ke2 Rxa4 56. Rxb7 Kd4 57. Rd7+ Ke5 58. Re7+ Kf4
59. Rf7+ Kg4 60. Ke3 Rb4 61. Rb7 Kf5 62. Rf7+ Ke5 63. Re7+ Kd5 64. Rd7+ Ke5 65.
Re7+ Kd5 66. Rd7+ 1/2-1/2

[Event "British Columbia-ch"]
[Site "Vancouver CAN"]
[Date "2022.10.07"]
[Round "1.3"]
[White "MacKinnon, Keith"]
[Black "Huang, Patrick"]
[Result "1-0"]
[WhiteElo "2288"]
[BlackElo "2213"]
[PlyCount "117"]
[EventDate "2022.10.07"]
[EventType "tourn"]
[EventRounds "7"]
[EventCountry "CAN"]

1. e4 g6 2. d4 Bg7 3. Nc3 d6 4. f4 a6 5. Nf3 b5 6. Bd3 Nd7 7. e5 c5 8. exd6
cxd4 9. Nd5 exd6 10. Be4 Rb8 11. Nxd4 Bb7 12. O-O Ngf6 13. Nxf6+ Qxf6 14. Nc6
Rc8 15. Re1 Kf8 16. Ne5 Rd8 17. Nxd7+ Rxd7 18. Bxb7 Rxb7 19. Qf3 Rb8 20. Qc6 h6
21. Be3 Kg8 22. c3 Kh7 23. Rad1 Rhd8 24. Ba7 Rbc8 25. Qxa6 b4 26. Bb6 Re8 27.
Rxe8 Rxe8 28. Bf2 bxc3 29. bxc3 Qxf4 30. Qxd6 Be5 31. g3 Bxd6 32. gxf4 Bxf4 33.
a4 Re2 34. Ra1 Bxh2+ 35. Kxh2 Rxf2+ 36. Kg3 Rd2 37. Kf4 Kg7 38. Ke5 Re2+ 39.
Kd5 h5 40. a5 h4 41. a6 Re8 42. a7 Ra8 43. Kc6 g5 44. Kb7 Re8 45. Rg1 Kg6 46.
c4 Kf5 47. c5 Re7+ 48. Kb6 Re8 49. Kb7 Re7+ 50. Kb6 Re8 51. c6 h3 52. Rf1+ Kg6
53. Kb7 g4 54. c7 g3 55. c8=Q Rxc8 56. Kxc8 g2 57. Rg1 Kh5 58. a8=Q h2 59. Qf3+
1-0

[Event "British Columbia-ch"]
[Site "Vancouver CAN"]
[Date "2022.10.07"]
[Round "1.4"]
[White "Song, Ethan"]
[Black "Kaufman, Raymond"]
[Result "0-1"]
[WhiteElo "2071"]
[BlackElo "2329"]
[PlyCount "100"]
[EventDate "2022.10.07"]
[EventType "tourn"]
[EventRounds "7"]
[EventCountry "CAN"]

1. e4 e6 2. d4 d5 3. exd5 exd5 4. Nf3 Bd6 5. Bd3 Ne7 6. O-O Bg4 7. Re1 Nbc6 8.
c3 Bh5 9. Bg5 O-O 10. Nbd2 Bg6 11. Bxg6 hxg6 12. Qc2 f6 13. Bh4 g5 14. Bg3 g4
15. Nh4 f5 16. f4 Qd7 17. Rad1 Rf6 18. Nb3 b6 19. a3 Nd8 20. Nc1 c5 21. Nd3 Ne6
22. dxc5 bxc5 23. Ne5 Qc7 24. Rf1 c4 25. Rde1 Rb8 26. Kh1 Nc5 27. Bf2 Ne4 28.
Bd4 Rh6 29. g3 g5 30. fxg5 Rxh4 31. gxh4 Bxe5 32. Bg1 Qb7 33. Re2 d4 34. Rg2 d3
35. Qa4 Qd5 36. Be3 Rf8 37. Qa6 f4 38. Bd4 Bxd4 39. cxd4 g3 40. Qh6 Nf2+ 41.
Kg1 Nh3+ 42. Kh1 Nf2+ 43. Kg1 Ng4 44. Qxf8+ Kxf8 45. Rxf4+ Kg7 46. Rxg4 Qf3 47.
R2xg3 Qe2 48. d5 Nf5 49. Rxc4 Nxg3 50. hxg3 d2 0-1

[Event "British Columbia-ch"]
[Site "Vancouver CAN"]
[Date "2022.10.08"]
[Round "2.1"]
[White "Yang, Jingyun (Ryan)"]
[Black "Kaufman, Raymond"]
[Result "0-1"]
[WhiteElo "2133"]
[BlackElo "2329"]
[PlyCount "114"]
[EventDate "2022.10.07"]
[EventType "tourn"]
[EventRounds "7"]
[EventCountry "CAN"]

1. Nf3 c5 2. g3 Nc6 3. Bg2 g6 4. d3 Bg7 5. Nbd2 e6 6. O-O Nge7 7. Ne4 d6 8. Bf4
e5 9. Bg5 f5 10. Nf6+ Kf7 11. Nd5 h6 12. Bxe7 Nxe7 13. Nxe7 Qxe7 14. Nd2 Be6
15. e4 f4 16. c3 Rhf8 17. d4 exd4 18. cxd4 Bxd4 19. gxf4 Kg8 20. Nf3 Bg7 21.
Qd2 Rad8 22. Rfe1 Qf6 23. e5 dxe5 24. Qe3 e4 25. Ne5 g5 26. Qxe4 Bd5 27. Qxd5+
Rxd5 28. Bxd5+ Kh8 29. Nd7 Qd6 30. Nxf8 Qxd5 31. Ne6 Bxb2 32. Rad1 Qf5 33. Rd8+
Kh7 34. fxg5 hxg5 35. Re3 c4 36. Rh3+ Kg6 37. Rd6 Bf6 38. Kg2 Qe4+ 39. Kf1 Qe5
40. Nf8+ Kf7 41. Rd7+ Kxf8 42. Rxb7 Qd5 43. Rhh7 Qh1+ 44. Ke2 Qe4+ 45. Kf1 Kg8
46. Rhc7 Qd3+ 47. Kg2 Qd8 48. Kf3 Qd5+ 49. Kg4 Qe4+ 50. Kh5 Bd8 51. Rg7+ Kh8
52. Kh6 Qe6+ 53. Kh5 c3 54. Rh7+ Kg8 55. Rbg7+ Kf8 56. Rd7 Ke8 57. Rd3 Qe2+ 0-1

[Event "British Columbia-ch"]
[Site "Vancouver CAN"]
[Date "2022.10.08"]
[Round "2.2"]
[White "Huang, Patrick"]
[Black "Song, Ethan"]
[Result "0-1"]
[WhiteElo "2213"]
[BlackElo "2071"]
[PlyCount "78"]
[EventDate "2022.10.07"]
[EventType "tourn"]
[EventRounds "7"]
[EventCountry "CAN"]

1. d4 Nf6 2. Bf4 e6 3. e3 d5 4. Nf3 Bd6 5. Bg3 O-O 6. c3 c5 7. Nbd2 Qc7 8. Rc1
Nbd7 9. dxc5 Nxc5 10. c4 Bxg3 11. hxg3 Qe7 12. Qc2 b6 13. b4 Nce4 14. c5 bxc5
15. bxc5 Bb7 16. Nb3 Ng4 17. Rh4 f5 18. Nfd4 Ngxf2 19. Na5 Qg5 20. Rf4 Bc8 21.
Rf3 Ng4 22. Qb3 Ne5 23. Bb5 Nxf3+ 24. gxf3 Qxg3+ 25. Kd1 Qg1+ 26. Kc2 Qf2+ 27.
Ne2 Ng3 28. Kd2 Nxe2 29. Bxe2 Ba6 30. Re1 Rab8 31. Qc3 f4 32. Nc6 Bxe2 33. Rxe2
fxe3+ 34. Qxe3 Rb2+ 35. Kd3 Rxe2 36. Qxe2 Rxf3+ 37. Kd2 Qxe2+ 38. Kxe2 Rc3 39.
Ne7+ Kf7 0-1

[Event "British Columbia-ch"]
[Site "Vancouver CAN"]
[Date "2022.10.08"]
[Round "2.3"]
[White "McLaren, Brian"]
[Black "MacKinnon, Keith"]
[Result "0-1"]
[WhiteElo "2107"]
[BlackElo "2288"]
[PlyCount "94"]
[EventDate "2022.10.07"]
[EventType "tourn"]
[EventRounds "7"]
[EventCountry "CAN"]

1. e4 c5 2. Nc3 e6 3. Nge2 Nc6 4. g3 d5 5. exd5 exd5 6. d4 cxd4 7. Nxd4 Nf6 8.
Bg2 Bg4 9. Qd3 Bb4 10. O-O O-O 11. Bg5 Bxc3 12. Qxc3 Ne4 13. Bxd8 Nxc3 14. Nxc6
bxc6 15. Be7 Rfe8 16. Bc5 Ne4 17. Be3 Bf5 18. Rfe1 h6 19. c3 a5 20. f3 Nd6 21.
b3 a4 22. Bf4 Nb5 23. Bd2 Rxe1+ 24. Rxe1 axb3 25. axb3 Ra3 26. c4 Nd4 27. cxd5
cxd5 28. Bc3 Nb5 29. Be5 f6 30. Bb8 Rxb3 31. g4 Rb1 32. Rxb1 Bxb1 33. Kf2 Ba2
34. Ke3 Kf7 35. Bg3 Ke6 36. h4 d4+ 37. Kd2 Kd5 38. f4+ Kc5 39. Be4 Nc3 40. Bc2
Kd5 41. Be1 Ne4+ 42. Kd1 Bc4 43. g5 d3 44. Bb1 Kd4 45. gxh6 gxh6 46. f5 Ke3 47.
Bb4 d2 0-1

[Event "British Columbia-ch"]
[Site "Vancouver CAN"]
[Date "2022.10.08"]
[Round "2.4"]
[White "Albitar, Hani"]
[Black "Doknjas, Neil"]
[Result "1/2-1/2"]
[WhiteElo "2221"]
[BlackElo "2277"]
[PlyCount "193"]
[EventDate "2022.10.07"]
[EventType "tourn"]
[EventRounds "7"]
[EventCountry "CAN"]

1. d4 Nf6 2. c4 e6 3. Nc3 Bb4 4. e3 O-O 5. Bd2 c5 6. a3 Bxc3 7. Bxc3 Ne4 8. Rc1
b6 9. Nf3 d6 10. Bd3 Nxc3 11. Rxc3 f5 12. O-O Qf6 13. dxc5 dxc5 14. e4 Bb7 15.
Qe2 Nc6 16. Bb1 g5 17. Nxg5 h6 18. Nf3 Kh8 19. Re3 Rg8 20. g3 f4 21. e5 Qf7 22.
Rd3 Rad8 23. Rfd1 Rxd3 24. Rxd3 Ne7 25. Nh4 Nf5 26. Nxf5 Qxf5 27. Rd1 f3 28.
Qc2 Qf7 29. Rd6 Re8 30. Qd3 Bc8 31. h4 Kg8 32. Qe3 Kg7 33. Kh2 Rf8 34. Be4 Qh5
35. Bc2 Qf7 36. b4 cxb4 37. axb4 Re8 38. c5 bxc5 39. bxc5 Qh5 40. c6 Re7 41.
Rd8 Ba6 42. Qe4 Qf5 43. Qa4 Bb5 44. Bxf5 Bxa4 45. Be4 Rc7 46. Rd4 Bb5 47. Bxf3
a5 48. g4 Kf7 49. Be4 Ke7 50. g5 hxg5 51. hxg5 a4 52. Rb4 Bxc6 53. Bxc6 Rxc6
54. Rxa4 Kf7 55. Kg3 Kg6 56. Kg4 Rc5 57. f4 Rc1 58. Ra3 Rg1+ 59. Rg3 Rf1 60.
Rh3 Rg1+ 61. Kf3 Kf5 62. Rg3 Rf1+ 63. Ke3 Re1+ 64. Kf2 Ra1 65. g6 Ra2+ 66. Ke1
Ra1+ 67. Kd2 Ra2+ 68. Kc1 Ra1+ 69. Kd2 Ra2+ 70. Ke1 Ra1+ 71. Kf2 Ra2+ 72. Kg1
Ra1+ 73. Kg2 Ra8 74. g7 Rg8 75. Kf3 Rxg7 76. Rh3 Ra7 77. Rh5+ Kg6 78. Rg5+ Kf7
79. Rh5 Kg6 80. Rh8 Ra3+ 81. Kg4 Kg7 82. Rh3 Ra1 83. Kh5 Kf7 84. Rg3 Rf1 85.
Kg5 Ra1 86. Rg2 Rb1 87. Ra2 Rg1+ 88. Kh5 Rh1+ 89. Kg4 Rg1+ 90. Kf3 Rf1+ 91. Ke3
Re1+ 92. Kf2 Rb1 93. Ra7+ Kg6 94. Re7 Kf5 95. Rf7+ Kg4 96. Rf6 Rb3 97. Rxe6
1/2-1/2

[Event "British Columbia-ch"]
[Site "Vancouver CAN"]
[Date "2022.10.08"]
[Round "3.1"]
[White "Doknjas, Neil"]
[Black "Yang, Jingyun (Ryan)"]
[Result "0-1"]
[WhiteElo "2277"]
[BlackElo "2133"]
[PlyCount "70"]
[EventDate "2022.10.07"]
[EventType "tourn"]
[EventRounds "7"]
[EventCountry "CAN"]

1. e4 c5 2. Nf3 Nf6 3. Nc3 d5 4. exd5 Nxd5 5. Bb5+ Bd7 6. Ne5 Bxb5 7. Qf3 f6 8.
Qh5+ g6 9. Nxg6 hxg6 10. Qxh8 Nxc3 11. dxc3 Qd5 12. Be3 Nc6 13. Qh3 Qc4 14.
O-O-O Ne5 15. f4 Qxa2 16. fxe5 Qa1+ 17. Kd2 Rd8+ 18. Bd4 Qa2 19. Qg4 Kf7 20.
Ke3 Bh6+ 21. Kf2 cxd4 22. Rxd4 f5 23. Qd1 Rxd4 24. Qxd4 Qxb2 25. e6+ Kg8 26.
Kg3 Bg7 27. Qb4 Be5+ 28. Kh3 Qxc3+ 29. Qxc3 Bxc3 30. Rd1 Bc6 31. g4 fxg4+ 32.
Kxg4 Bf6 33. h4 a5 34. h5 gxh5+ 35. Kxh5 Bf3+ 0-1

[Event "British Columbia-ch"]
[Site "Vancouver CAN"]
[Date "2022.10.08"]
[Round "3.2"]
[White "MacKinnon, Keith"]
[Black "Albitar, Hani"]
[Result "1-0"]
[WhiteElo "2288"]
[BlackElo "2221"]
[PlyCount "99"]
[EventDate "2022.10.07"]
[EventType "tourn"]
[EventRounds "7"]
[EventCountry "CAN"]

1. e4 e5 2. Nf3 Nc6 3. d4 exd4 4. Nxd4 Nf6 5. Nxc6 bxc6 6. e5 Qe7 7. Qe2 Nd5 8.
c4 Nb6 9. Nc3 Qe6 10. Qe4 d5 11. Qe3 Bb4 12. Bd2 O-O 13. O-O-O dxc4 14. f4 Rd8
15. Be2 Nd5 16. Nxd5 Bxd2+ 17. Rxd2 cxd5 18. Bxc4 Ba6 19. Bxa6 Qxa6 20. Kb1
Rab8 21. Rc1 Rbc8 22. f5 c5 23. f6 gxf6 24. Qh6 Rc6 25. exf6 Rxf6 26. Qg5+ Kh8
27. Rxd5 Rg8 28. Qd2 Rc6 29. g3 c4 30. Qc3+ f6 31. Rd7 Rg7 32. Rd8+ Rg8 33.
Rcd1 Qb6 34. R8d7 Rg7 35. Qa3 Rc8 36. Rxg7 Kxg7 37. Rd7+ Kg6 38. Qxa7 Qxa7 39.
Rxa7 Re8 40. Rc7 Re2 41. Rxc4 Rxh2 42. a4 Kf5 43. a5 Rg2 44. g4+ Ke5 45. a6 Rd2
46. a7 Rd8 47. Ra4 Ra8 48. Kc2 Kd5 49. Kd3 h6 50. Ra5+ 1-0

[Event "British Columbia-ch"]
[Site "Vancouver CAN"]
[Date "2022.10.08"]
[Round "3.3"]
[White "Song, Ethan"]
[Black "McLaren, Brian"]
[Result "1-0"]
[WhiteElo "2071"]
[BlackElo "2107"]
[PlyCount "85"]
[EventDate "2022.10.07"]
[EventType "tourn"]
[EventRounds "7"]
[EventCountry "CAN"]

1. e4 Nf6 2. e5 Nd5 3. d4 d6 4. Nf3 Bg4 5. Be2 c6 6. c4 Nc7 7. exd6 exd6 8. O-O
Be7 9. h3 Bh5 10. Be3 O-O 11. Nc3 Nd7 12. Qb3 Rb8 13. Rad1 Nf6 14. d5 c5 15.
Rfe1 Qd7 16. Nh2 Bxe2 17. Rxe2 b5 18. cxb5 Nxb5 19. Nxb5 Rxb5 20. Qc2 Qb7 21.
Bg5 h6 22. Bh4 Rb4 23. Ng4 Nxd5 24. Rxd5 Bxh4 25. Rxd6 Be7 26. Rd3 Rd4 27. Rg3
Kh8 28. Rge3 Bd6 29. Re1 f6 30. Re6 Qf7 31. Nh2 Be5 32. Rc6 Rc4 33. Qd3 Rd4 34.
Qb5 Rd2 35. Nf3 Rxb2 36. Qxc5 Rxa2 37. Nxe5 fxe5 38. f3 Rd8 39. Qxe5 Rdd2 40.
Rxh6+ Kg8 41. Qb8+ Qf8 42. Rh8+ Kxh8 43. Qxf8+ 1-0

[Event "British Columbia-ch"]
[Site "Vancouver CAN"]
[Date "2022.10.08"]
[Round "3.4"]
[White "Kaufman, Raymond"]
[Black "Huang, Patrick"]
[Result "0-1"]
[WhiteElo "2329"]
[BlackElo "2213"]
[PlyCount "62"]
[EventDate "2022.10.07"]
[EventType "tourn"]
[EventRounds "7"]
[EventCountry "CAN"]

1. Nf3 Nf6 2. c4 b6 3. g3 Bb7 4. d4 e6 5. Bg2 Be7 6. O-O O-O 7. Nc3 Ne4 8. Bd2
d6 9. Rc1 Nd7 10. d5 Nxd2 11. Nxd2 e5 12. b4 a5 13. a3 f5 14. e4 f4 15. Bh3 Nf6
16. Nf3 Bc8 17. Bxc8 Qxc8 18. Ng5 Nd7 19. Ne6 Rf6 20. Nb5 Bd8 21. Qh5 g6 22.
Qh6 Rf7 23. f3 axb4 24. axb4 Nf8 25. Nxf8 Rxf8 26. Rc3 Ra2 27. Ra3 Rb2 28. Na7
Qd7 29. Nc6 Bg5 30. Qxg5 Qh3 31. Ne7+ Kf7 0-1

[Event "British Columbia-ch"]
[Site "Vancouver CAN"]
[Date "2022.10.09"]
[Round "4.1"]
[White "Yang, Jingyun (Ryan)"]
[Black "Huang, Patrick"]
[Result "1/2-1/2"]
[WhiteElo "2133"]
[BlackElo "2213"]
[PlyCount "78"]
[EventDate "2022.10.07"]
[EventType "tourn"]
[EventRounds "7"]
[EventCountry "CAN"]

1. c4 b6 2. Nf3 Nf6 3. e3 Bb7 4. Be2 e6 5. O-O Be7 6. b3 O-O 7. Bb2 d5 8. d3 c5
9. Nbd2 Nc6 10. a3 Qc7 11. cxd5 Nxd5 12. Rc1 Rac8 13. d4 cxd4 14. Nxd4 Qb8 15.
N2f3 Rfd8 16. Nxc6 Bxc6 17. Nd4 Bb7 18. Rxc8 Qxc8 19. Qa1 Bf6 20. Rc1 Qa8 21.
Nb5 Bxb2 22. Qxb2 a6 23. Nd4 Rc8 24. Bf3 Ne7 25. Rxc8+ Qxc8 26. Bxb7 Qxb7 27.
Qc3 Qc8 28. Qxc8+ Nxc8 29. Kf1 Ne7 30. Ke2 e5 31. Nc2 f5 32. Nb4 a5 33. Nd3 Nc6
34. Kd2 Kf7 35. Kc3 Ke6 36. Kc4 Na7 37. a4 g5 38. Nc1 Kd6 39. Ne2 Kc6 1/2-1/2